000 01587nam a22002777a 4500
999 _c62518
_d62518
003 Ge_BSU
005 20241125170356.0
008 241125s2005 ge ||||| |||| 00| 0 geo d
020 _a9994045288
041 _ageo
080 _a005:070 ვ-76
100 _aვოლმანი, ლუის
_92820
245 _aმენეჯმენტი :
_b კადრები და შემოსავლები : სახელმძღვ. წარმატებული გაზეთის შესაქმნელად /
_cლუის ვოლმანი ; [მთარგმნ.: სოფიო გურგენიძე ; რედ.: დავით პაიჭაძე ;
250 _a[1-ლი ქართ. გამოც.].
264 _aთბილისი :
_b დიოგენე,
_c2005.
300 _a56 გვ. :
_bფოტ. ;
_c29 სმ.
440 _923788
_vახალი ამბების ბიზნესი
504 _aბიბლიოგრ.: გვ. 53-56.
653 _aმედიამენეჯმენტი.
653 _aსაგაზეთო საქმე.
653 _aგაზეთის ტირაჟი და გავრცელება. რეკლამა გაზეთში.
700 _aგურგენიძე, სოფიო
_92821
700 _aპაიჭაძე, დავით
_eრედაქტორი
_923789
710 _aსაერთაშ. კვლევ. და გაცვლების საბჭო (IREX)].
_923783
942 _2udc
_cBK